nedil'ne poobiddja

Bibliographic Details
Main Authors: Hochel, Igor, 1953- (Author), Jackanin, Ivan, 1950- (Author, Translator)
Format: Article
Language:Ukrainian
Slovak
ISSN:0419-8131
Subjects:

MARC

LEADER 00000nab a2200000 4500
001 vtls012068573
003 SK-MaSNL
005 20260304181318.0
008 210913c2021 xo |r|p || ||00 c|ukr
015 |a SNBRB2021/09 
038 |a SVKPOCL 
040 |a SVKPOCL  |b slo  |c SVKPOCL  |e rda 
041 1 |a ukr  |h slo 
044 |a xo  |c SK 
072 7 |a 821.162.4-1  |x Slovenská poézia  |2 konspekt 
072 7 |a 821.162.4  |x Slovenská literatúra  |2 konspekt 
080 |a 821.162.4-1=161.2  |2 2011 
100 1 |a Hochel, Igor,  |d 1953-  |4 ant  |4 aut  |9 101382 
240 1 0 |a Nedeľné popoludnie  |l Ukrajinsky 
245 1 0 |a nedil'ne poobiddja  |c Ihor Hochel ; zi slovac'koji pereklav Ivan Jackanyn 
336 |a text  |b txt  |2 rdacontent 
337 |a bez média  |b n  |2 rdamedia 
338 |a zväzok  |b nc  |2 rdacarrier 
500 |a V rubrike Iz rodu v rid 
500 |a Názov malými písmenami 
650 0 7 |a slovenská poézia  |2 SNKPH  |9 215422 
650 0 7 |a slovenská literatúra  |2 SNKPH  |9 1115 
650 0 7 |a slovenská poézia  |2 SNKPHbucl  |9 215422 
700 1 |a Jackanin, Ivan,  |d 1950-  |4 aut  |4 trl  |9 103637 
700 1 2 |a Hochel, Igor,  |d 1953-  |t Nedeľné popoludnie  |l Ukrajinsky  |4 aut  |9 1511418 
773 0 |t Duklja  |g Rik vydannja 69, № 2 (2021), s. 93  |x 0419-8131 
852 |a SVKPO  |b KIS3GCP 
958 |a UK 
958 |a LX 
958 |a SK 
958 |a UP 
958 |a SS 
958 |a NM 
999 |c 3023113  |d 3025043